Statistics for Random flags

Click here to take the quiz!

General Stats

  • This quiz has been taken 32 times
  • The average score is 8 of 9

Answer Stats

Answer% Correct
Iraq
100%
Syria
100%
North Korea
96%
Somalia
93%
Cambodia
89%
Indonesia
89%
Lithuania
82%
Mongolia
82%
Antigua and Barbuda
68%

Score Distribution

Percentile by Number Answered

Percent of People with Each Score

Your Score History

You have not taken this quiz